Шмидт Иван Федорович. Личная просьба

Доступно только в Электронных читальных залах Найти на картеНа карте
RUSMARC
00004075nac2a22002773x 450
001c6e4dffc-922d-4c15-9917-70421dccf3a2
00520211210120316.0
100##$a20211120l1910 k y0rusy50 ca
1010#$arus
102##$aRU
105##$ay z |||||
1220#$ad19100920
2001#$aШмидт Иван Федорович. Личная просьба
$j20 сентября 1910
215##$a2 листа
251##$cДело
300##$aЗаголовок дела на папке: Письмо Шмидта Ивана Федоровича - Звегинцеву Ал. Ив. (Просьба о рекомендации)
300##$aРукописный текст
330##$aВходит в раздел описи: 1. Письма к А. И. Звегинцову. 2/ Письма по служебной деятельности А. И. Звегинцова
461#0$1001fc48e33c-c630-4015-85dd-2f2aab656f45
$12001
$aЗвегинцев Александр Иванович, помещик Воронежской губернии, депутат III Государственной думы, член партии "Союз 17 октября"
$1251
$cФонд
$1852
$j932
462#0$1001ddcf82e7-7bd9-4c5e-b7f1-85df8b3febb3
$12001
$aДела постоянного хранения. 1899-1913 гг.
$vД. 393
$1251
$cОпись
$1852
$j1
5171#$aПисьмо Шмидта Ивана Федоровича - Звегинцеву Ал. Ив. (Просьба о рекомендации)
600#1$aЗвегинцев
$bА. И.
$gАлександр Иванович
600#1$aШмидт
$bИ. Ф.
$gИван Федорович
801#0$aRU
$bGA_RF
801#1$aRU
$bГлавНИВЦ
$c20211120
$2rusmarc
801#2$aRU
$bПБ им. Б.Н. Ельцина
$c20211210
$gRCR
$2rusmarc
852##$aГА РФ
$j393
937##$d171410561
$hГАРФ
035##$aRuPRLIB51062634
856##$uhttp://readingroom.main.prlib.ru/item.aspx?id_node=n171410561&mode=full
Формат отображения